000 00310nam a2200133 i 4500
001 bg
100 1 _aZABOROWSKI, T.
245 0 _aZużycie ścierne żeliw /
_cT. Zaborowski.
260 _aGorzów Wlkp.,
_c1979.
040 _cBPK
041 _apol
942 _cKS
008 s pl f |000 0 pol
999 _c22100
_d22100
856 _uhttp://koha.tu.koszalin.pl/cgi-bin/koha/opac-detail.pl?biblionumber=22100
_yKatalog online BPK